| 000 | 00785nam a22002537a 4500 | ||
|---|---|---|---|
| 005 | 20250423121027.0 | ||
| 008 | 250423b |||||||| |||| 00| 0 eng d | ||
| 020 | _a978-1-394-17258-0 (pbk) | ||
| 037 | _cTB | ||
| 040 |
_aCRL _cCRL |
||
| 041 |
_2eng _aeng |
||
| 084 |
_aX5w41.N R3 _qCRL |
||
| 100 |
_aShan, Weijian _9752786 |
||
| 245 |
_aOut of the gobi: _bMy story of China and America |
||
| 260 |
_aNew Yok, USA: _bJohn Wiley & Sons, _c2023. |
||
| 300 | _axv, 466p. | ||
| 365 |
_b 21.95 _cUSD |
||
| 650 | _aBiography | ||
| 650 | _aBusiness | ||
| 650 | _aEconomics | ||
| 650 |
_aChina History _9752787 |
||
| 942 |
_2CC _cTB _hX5w41.N R3 _n0 |
||
| 999 |
_c1309307 _d1309307 |
||